| 000 | 00706nam a2200229 4500 | ||
|---|---|---|---|
| 003 | OSt | ||
| 005 | 20240625063615.0 | ||
| 006 | a | ||
| 008 | 240625b |||||||| |||| 00| 0 eng d | ||
| 020 | _a9789810695897 | ||
| 040 |
_aDWCL-HMN lib. _cOC |
||
| 082 |
_2Fourth edition _aCirc. 338.4791 C771t 2010 |
||
| 100 | _aCook, Roy A. | ||
| 245 | _aTourism : the business of travel / | ||
| 250 | _aFourth edition | ||
| 260 |
_aSingapore : _bPearson Education South Asia Pte Ltd, _cc2010. |
||
| 300 |
_axvii, _b414 p. : ill. ; _c28 cm. |
||
| 504 | _aIncludes bibliographical references & index. | ||
| 650 | _a1. Tourist Trade. | ||
| 650 | _a2. Tourism. | ||
| 942 |
_2ddc _n0 _cBK-CIRC _eFourth edition _kCirc. |
||
| 999 |
_c1321 _d1321 |
||